Películas por personajes - Estadísticas

Estadísticas generales
  • Esta prueba ha sido intentada 474 veces
  • La puntuación promedio es 7 de 15
Estadísticas de respuestas
Hint Respuesta % Correcto
Jack Sparrow, Elizabeth Swan y William Turner Piratas del Caribe
95%
Willy Wonka, Charlie Bucket y Mike Teave Charlie y la fábrica de chocolate
93%
Marty McFly, Emmett Brown y Biff Tannen Volver al futuro
83%
Freddy Krueger, Nancy Thompson y Glen Lantz Pesadilla en la calle Elm
74%
Rose DeWitt, Jack Dawson y Caledon Hockley Titanic
61%
Mike Myers, Laurie Strode y Dr. Sam Loomis Halloween
53%
Danny Zuko, Sandy Olsson y Betty Rizzo Vaselina
44%
Dr. Malcolm Crowe, Cole Sear y Lynn Sear El Sexto Sentido
32%
Rick Blaine, Ilsa Lund y Victor Laszlo Casablanca
25%
Sam Wheat, Molly Jensen y Oda Mae Brown Ghost
23%
Anna Scott, William Thacker y Spike Un lugar llamado Notting Hill
23%
Tracy Turnblad, Link Larkin y Penny Pingleton Hairspray
20%
Martin Riggs, Roger Murtaugh y Amanda Hunsaker Arma Mortal
18%
Steven Hiller, David Levinson y Russell Casse Día de la Independencia
18%
Georgia Byrd, Chef Didier y Matthew Kragen Las últimas vacaciones
16%
No se encontraron pruebas coincidentes
Distribución de puntuación
Porcentaje de gente con cada puntuación
Porcentaje por número respondido
Historial de tus puntuaciones
No has intentado esta prueba.